University Home | Library Home | Institutional Repository

The theatre in search of a fix (Record no. 78536)

MARC details
000 -LEADER
fixed length control field 00697cam1a220020500 4500
001 - CONTROL NUMBER
control field lce00771143
008 - FIXED-LENGTH DATA ELEMENTS--GENERAL INFORMATION
fixed length control field 721127s1973 nyu 000 0 eng
010 ## - LIBRARY OF CONGRESS CONTROL NUMBER
LC control number 72012862
035 ## - SYSTEM CONTROL NUMBER
System control number (Sirsi) r122919
035 ## - SYSTEM CONTROL NUMBER
System control number (DLC) 72012862
035 ## - SYSTEM CONTROL NUMBER
System control number (UPRA)lce00771143
050 0# - LIBRARY OF CONGRESS CALL NUMBER
Classification number PN1731
Item number .C6
082 ## - DEWEY DECIMAL CLASSIFICATION NUMBER
Classification number 809.2
100 1# - MAIN ENTRY--PERSONAL NAME
Personal name Corrigan, Robert Willoughby, 1927-
Dates associated with a name Corrigan, Robert Willoughby, 1927-
Linkage A2022.1
245 14 - TITLE STATEMENT
Title The theatre in search of a fix
Statement of responsibility, etc. [by] Robert W. Corrigan.
260 ## - PUBLICATION, DISTRIBUTION, ETC.
Place of publication, distribution, etc. New York,
Name of publisher, distributor, etc. Delacorte Press
Date of publication, distribution, etc. [1973]
650 #0 - SUBJECT ADDED ENTRY--TOPICAL TERM
Topical term or geographic name entry element Drama -- History and criticism.
General subdivision Drama -- History and criticism.
Linkage S4770.1
949 ## - LOCAL PROCESSING INFORMATION (OCLC)
a PN1731
w lcc
i -176795
m MAIN
t BOOK
l ON-SHELF

No items available.

© 2026 - The University of Zambia Library - Koha v25.11